000 00409nam a2200157Ia 4500
003 GCL
008 140319s9999 xx 000 0 eng d
040 _aGCL /
_cGCL
082 0 4 _a519.5354
_bP E \\=aPANL, KLINEv
245 1 0 _aAN EASY GUIDE TO FACTOR ANALYSIS
260 _a[S.N] :
_bROUTLEDGE ،
_c1993
300 _a190 P
650 0 4 _aSTATISTICAL METHODS
650 0 4 _aFACTOR ANALYSIS
942 _2ddc
_cBK
999 _c17518
_d17518